|
|
|
|
| LEADER |
00000nam0a2200000 4500 |
| 001 |
212150 |
| 005 |
20231101225732.0 |
| 010 |
|
|
|a 9785911345730
|
| 035 |
|
|
|a (RuTPU)RU\TPU\book\231778
|
| 090 |
|
|
|a 212150
|
| 100 |
|
|
|a 20120322d2012 m y0rusy50 ca
|
| 101 |
0 |
|
|a rus
|
| 102 |
|
|
|a RU
|
| 105 |
|
|
|a a j 001zy
|
| 200 |
1 |
|
|a Введение в криптографию
|e курс лекций
|f В. А. Романьков
|
| 205 |
|
|
|a 2-е изд., испр. и доп.
|
| 210 |
|
|
|a Москва
|c Форум
|d 2012
|
| 215 |
|
|
|a 239 с.
|c ил.
|
| 225 |
1 |
|
|a Высшее образование
|
| 320 |
|
|
|a Библиогр.: с. 233-234.
|
| 330 |
|
|
|a В курсе лекций изложены математические основы современной криптографии, описан ряд криптографических схем и протоколов, имеющих важное теоретическое значение и широкое практическое применение. Лекции сопровождаются примерами и задачами. Адресован студентам, впервые изучающим криптографию. Может также оказаться полезным специалистам в данной области.
|
| 606 |
1 |
|
|a Криптография
|x Вычислительная техника
|2 stltpush
|3 (RuTPU)RU\TPU\subj\39765
|9 59684
|
| 610 |
1 |
|
|a математические основы
|
| 610 |
1 |
|
|a модулярная арифметика
|
| 610 |
1 |
|
|a шифрование
|
| 610 |
1 |
|
|a шифры
|
| 610 |
1 |
|
|a модели
|
| 610 |
1 |
|
|a идентификация
|
| 610 |
1 |
|
|a аутентификация
|
| 610 |
1 |
|
|a электронные платежи
|
| 610 |
1 |
|
|a теория
|
| 610 |
1 |
|
|a лекции
|
| 610 |
1 |
|
|a задачи
|
| 610 |
1 |
|
|a упражнения
|
| 610 |
1 |
|
|a учебные пособия
|
| 675 |
|
|
|a 004.056.55(075.8)
|v 4
|
| 700 |
|
1 |
|a Романьков
|b В. А.
|g Виталий Анатольевич
|
| 801 |
|
1 |
|a RU
|b 63413507
|c 20120322
|
| 801 |
|
2 |
|a RU
|b 63413507
|c 20200723
|g RCR
|
| 942 |
|
|
|c BK
|
| 959 |
|
|
|a 44/20120321
|d 2
|e 279,90
|f ЧЗТЛ:1
|f АНЛ:1
|